| 000 | 00446nam a22001457a 4500 | ||
|---|---|---|---|
| 027 | _qHard Cover. | ||
| 040 | _cSINES-NUST. | ||
| 082 |
_a004 _bFAR |
||
| 100 |
_aFaraan Fareed. _998531 |
||
| 245 |
_aMolecular Modeling on Solar Radiation Absorbing Glass of Vehicles / _cFareed, Faraan |
||
| 260 |
_aIslamabad: _bSINES-NUST, _c2022. |
||
| 300 |
_a146 p. : _bill. ; _c30cm. |
||
| 650 | _xMS-Computational Science and Engineering. | ||
| 942 |
_2ddc _cTHE |
||
| 999 |
_c591321 _d591321 |
||